Víctor Raúl Haya de la Torre (Registro nro. 102412)

Detalles MARC
000 -LEADER
campo de control de longitud fija 01742nam a2200433 i 4500
001 - NÚMERO DE CONTROL
campo de control MOR01000102739
003 - IDENTIFICADOR DE NÚMERO DE CONTROL
campo de control $$amxcmmo
005 - FECHA Y HORA DE LA ÚLTIMA TRANSACCIÓN
campo de control 20260331230637.0
008 - DATOS DE LONGITUD FIJA--INFORMACIÓN GENERAL
campo de control de longitud fija 160603s2014 ag g bi 000 0 spa d
020 ## - NÚMERO INTERNACIONAL ESTÁNDAR DEL LIBRO
Número Internacional Estándar del Libro 9789871650699
035 ## - NÚMERO DE CONTROL DEL SISTEMA
Número de control de sistema 160894
040 ## - FUENTE DE CATALOGACIÓN
Centro catalogador/agencia de origen mxcmmo
Lengua de catalogación spa
Centro/agencia transcriptor mxcmmo
Normas de descripción rda
041 0# - CÓDIGO DE IDIOMA
Código de lengua del texto/banda sonora o título independiente spa
043 ## - CÓDIGO DE ÁREA GEOGRÁFICA
Código de área geográfica s-pe---
045 ## - PERIODO DE TIEMPO DEL CONTENIDO
Código de periodo de tiempo x2x3
082 04 - NÚMERO DE LA CLASIFICACIÓN DECIMAL DEWEY
Número de clasificación 320.985007
Número de ítem HAY.v
100 1# - ENTRADA PRINCIPAL--NOMBRE DE PERSONA
Nombre de persona Haya de la Torre, Víctor Raúl
Fechas asociadas al nombre 1895-1979
Término indicativo de función/relación autor
9 (RLIN) 10216
245 10 - MENCIÓN DEL TÍTULO
Título Víctor Raúl Haya de la Torre
Resto del título : giros discursivos y contiendas políticas (textos inéditos)/
Mención de responsabilidad, etc. compiladores Ricardo Melgar Bao, Osmar Gonzales
264 #1 - PRODUCCIÓN, PUBLICACIÓN, DISTRIBUCIÓN, FABRICACIÓN Y COPYRIGHT
Producción, publicación, distribución, fabricación y copyright Buenos Aires, Argentina:
Nombre del de productor, editor, distribuidor, fabricante Centro Cultural de la Cooperación Floreal Gorini,
Fecha de producción, publicación, distribución, fabricación o copyright 2014
300 ## - DESCRIPCIÓN FÍSICA
Extensión 198 páginas;
Dimensiones 23 cm
336 ## - TIPO DE CONTENIDO
Término de tipo de contenido texto
Código de tipo de contenido txt
Fuente rdacontent
337 ## - TIPO DE MEDIO
Nombre/término del tipo de medio sin medio
Código del tipo de medio n
Fuente rdamedia
338 ## - TIPO DE SOPORTE
Nombre/término del tipo de soporte volumen
Código del tipo de soporte nc
Fuente rdacarrier
504 ## - NOTA DE BIBLIOGRAFÍA, ETC.
Nota de bibliografía, etc. Nota Incluye referencias bibliográficas e índice
600 17 - PUNTO DE ACCESO ADICIONAL DE MATERIA--NOMBRE DE PERSONA
Nombre de persona Haya de la Torre, Víctor Raúl
Fechas asociadas al nombre 1895-1979
Subdivisión general Crítica e interpretación
9 (RLIN) 181879
600 17 - PUNTO DE ACCESO ADICIONAL DE MATERIA--NOMBRE DE PERSONA
Nombre de persona Haya de la Torre, Víctor Raúl
Fechas asociadas al nombre 1895-1979
Subdivisión general Ideas sobre política y sociedad
9 (RLIN) 9223
610 17 - PUNTO DE ACCESO ADICIONAL DE MATERIA--NOMBRE DE ENTIDAD CORPORATIVA
Nombre de entidad corporativa o nombre de jurisdicción como elemento de entrada Alianza Popular Revolucionaria Americana (Perú)
9 (RLIN) 30976
650 #7 - PUNTO DE ACCESO ADICIONAL DE MATERIA--TÉRMINO DE MATERIA
Término de materia o nombre geográfico como elemento de entrada Comunismo
Subdivisión geográfica Perú
Subdivisión general Historia
9 (RLIN) 121498
651 #7 - PUNTO DE ACCESO ADICIONAL DE MATERIA--NOMBRE GEOGRÁFICO
Nombre geográfico Perú
Subdivisión general Política y gobierno
Subdivisión cronológica 1919-1968
9 (RLIN) 30973
710 2# - ENTRADA AGREGADA--NOMBRE DE ENTIDAD CORPORATIVA
Nombre de entidad corporativa o nombre de jurisdicción como elemento de entrada Centro Cultural de la Cooperación Floreal Gorini (Buenos Aires, Argentina)
9 (RLIN) 155827
900 ## - ELEMENTOS DE DATOS A LOCAL, LDA (RLIN)
Nombre de persona CECY
Numeración 30
Títulos y otros términos asociados al nombre 20160609
Lenguaje de la obra MOR01
-- 1055
900 ## - ELEMENTOS DE DATOS A LOCAL, LDA (RLIN)
Nombre de persona KLASY
Numeración 30
Títulos y otros términos asociados al nombre 20160824
Lenguaje de la obra MOR01
-- 1134
900 ## - ELEMENTOS DE DATOS A LOCAL, LDA (RLIN)
Nombre de persona LUIS
Numeración 20
Títulos y otros términos asociados al nombre 20160603
Lenguaje de la obra MOR01
-- 1200
900 ## - ELEMENTOS DE DATOS A LOCAL, LDA (RLIN)
Nombre de persona LUIS
Numeración 20
Títulos y otros términos asociados al nombre 20160603
Lenguaje de la obra MOR01
-- 1200
900 ## - ELEMENTOS DE DATOS A LOCAL, LDA (RLIN)
Nombre de persona TOMAS
Numeración 30
Títulos y otros términos asociados al nombre 20160808
Lenguaje de la obra MOR01
-- 1310
900 ## - ELEMENTOS DE DATOS A LOCAL, LDA (RLIN)
Nombre de persona VOBO
Numeración 40
Títulos y otros términos asociados al nombre 20160825
Lenguaje de la obra MOR01
-- 1501
904 ## - ELEMENTOS DE DATOS D LOCAL, LDD (RLIN)
a UPDATE
942 ## - ELEMENTOS DE ENTRADA SECUNDARIOS (KOHA)
Código de la institución [OBSOLETO] BK
901 ## - ELEMENTOS DE DATOS A LOCAL LDA (RLIN)
a batch batch
Existencias
Estatus retirado Estado de pérdida Fuente del sistema de clasificación o colocación Estado de daño No para préstamo Colección Biblioteca de origen Biblioteca actual Ubicación en estantería Fecha de adquisición Fuente de adquisición Número de inventario Total de préstamos Signatura topográfica completa Código de barras Visto por última vez Precio de reemplazo Tipo de ítem Koha
    Clasificación Decimal Dewey     Libros (General) Biblioteca Instituto Mora Biblioteca Instituto Mora Regular 09/06/2016   129558   (G)/320.985007 HAY.v 33068001350080 03/09/2024 03/09/2024 Libro préstamo regular